| 000 | 00842nam a22002297a 4500 | ||
|---|---|---|---|
| 005 | 20250417105911.0 | ||
| 008 | 250417b |||||||| |||| 00| 0 eng d | ||
| 020 | _a978-81-19857-00-5 (hbk) | ||
| 037 | _cTB | ||
| 040 |
_aCRL _cCRL |
||
| 041 |
_2pun _apun |
||
| 084 |
_aO153,6x R4 _qCRL |
||
| 100 | _aਘੂਗੀਆਨਵੀਂ, ਨਿੰਦੇਰ | ||
| 245 | _aਮੇਰੇ ਆਪਣੇ ਲੋਕ | ||
| 260 |
_aਪਟਿਆਲਾ, ਭਾਰਤ: _bਔਟਉਮੰ ਆਰਟ, _c2024. |
||
| 300 | _a567 ਪ. | ||
| 365 |
_b775.00 _cINR |
||
| 650 | _aਪੰਜਾਬੀ ਸਾਹਿਤ | ||
| 650 | _aਪੰਜਾਬੀ ਨਿਬੰਧ | ||
| 942 |
_2CC _cTB _hO153,6x R4 _n0 |
||
| 999 |
_c1309076 _d1309076 |
||